24 caprices /

Bibliographic Details
Main Author: Paganini, Nicolò, 1782-1840
Other Authors: Ehnes, James, 1976- (Instrumentalist)
Format: CD Audio
Language:English
Published: London : ONYX, [2009]
Subjects:

MARC

Tag First Indicator Second Indicator Subfields
LEADER 00000cjm a2200000Ia 4500
001 in00002567421
005 20151201151422.0
007 sd fungnn|m|ed
008 960911s2009 enkzznn efhi n eng d
024 1 |a 880040404422 
028 0 2 |a ONYX 4044  |b ONYX 
029 1 |a NZ1  |b 13196465 
035 |a (OCoLC)ocn472312737 
035 |a (OCoLC)472312737 
040 |a TOH  |c TOH  |d RCE  |d TXH  |d RES  |d PUL  |d VP@  |d TXA  |d UtOrBLW 
041 0 |g eng  |g ger  |g fre 
049 |a TXAM 
082 0 4 |a 787.1 
090 |a M42.P2  |b C37 op. 1 2009 
100 1 |a Paganini, Nicolò,  |d 1782-1840. 
240 1 0 |a Caprices,  |m violin,  |n M.S. 25 
245 1 0 |a 24 caprices /  |c Paganini. 
264 1 |a London :  |b ONYX,  |c [2009] 
264 4 |c ℗2009 
300 |a 1 sound disc (78 min., 04 sec.) :  |b digital ;  |c 4 3/4 in. 
336 |a performed music  |b prm  |2 rdacontent 
337 |a audio  |b s  |2 rdamedia 
338 |a audio disc  |b sd  |2 rdacarrier 
511 0 |a James Ehnes, violin. 
518 |a Recorded in Wyastone Concert Hall, Wyastone Lays, Monmouth, May/June 2009. 
500 |a Compact disc. 
586 |a Gramophone Editors Choice -- January 2010. 
500 |a Program notes in English, German, and French inserted in container. 
500 |a Sound recording. 
650 0 |a Violin music. 
700 1 |a Ehnes, James,  |d 1976-  |e instrumentalist. 
700 1 |a Paganini, Nicolò,  |d 1782-1840.  |t Caprices,  |m violin,  |n M.S. 25. 
948 |a cataloged  |b h  |c 2010/6/29  |d c  |e cajsmith  |f 12:49:28 pm 
994 |a C0  |b TXA 
999 |a MARS 
999 f f |s 8695d411-00cd-33da-a0d0-88355fe03707  |i c415359e-1f47-39ff-ab34-c8f79447c8f6  |t 0 
952 f f |p ric  |a Texas A&M University  |b Rellis Campus  |c Joint Library Facility  |d Remote Storage  |t 0  |e M42.P2 C37 op. 1 2009  |h Library of Congress classification  |i audio -- audio disc  |m A14839225854 
998 f f |a M42.P2 C37 op. 1 2009  |t 0  |l Remote Storage